000 00358nam a2200157Ia 4500
008 151213s9999 xx 000 0 und d
100 _aR.J.Lewlckf
245 _aNegotiation
_cR.J.Lewlckf
250 _a2nd
260 _aSydney
_bIrwin
_c1993
300 _a2683 p.
650 _aManagement
650 _aManagement
700 _aR.J.Lewlckf
999 _c1795
_d1795